|
|
|
|
| LEADER |
00927nam a2200253 a 4500 |
| 001 |
2976753 |
| 008 |
090506s1993 ilua 001 0 eng d |
| 010 |
|
|
|a \\\92013757
|
| 020 |
|
|
|a 0256176884
|
| 020 |
|
|
|a 0256176884
|
| 020 |
|
|
|a 0256078270 (recycled paper)
|
| 020 |
|
|
|a 025612969X (Int'l ed. : recycled paper)
|
| 040 |
|
|
|a DLC
|c DLC
|d DLC
|
| 082 |
0 |
0 |
|a 621.3
|2 20
|
| 100 |
1 |
|
|a Rizzoni, Giorgio.
|
| 245 |
1 |
0 |
|a Principles and applications of electrical engineering /
|c Giorgio Rizzoni.
|
| 260 |
|
|
|a Homewood, IL :
|b Irwin,
|c c1993.
|
| 300 |
|
|
|a 1 v. (various pagings) :
|b ill. (some col.) ;
|c 24 cm.
|
| 504 |
|
|
|a Includes index.
|
| 541 |
1 |
|
|e 00010306
|
| 650 |
|
0 |
|a Electrical engineering.
|
| 852 |
4 |
|
|a Ayesha Abed Library
|j General shelf
|
| 999 |
|
|
|c 7768
|d 7768
|
| 952 |
|
|
|0 0
|1 0
|2 ddc
|4 0
|6 621_300000000000000_RIZ_1993
|7 0
|9 8595
|a BRACUL
|b BRACUL
|c GEN
|d 2010-03-15
|l 5
|m 21
|o 621.3 RIZ
|p 3010010306
|r 2019-09-25
|s 2019-07-27
|t 1
|w 2010-03-15
|y BK
|